000 00602nam a2200181Ia 4500
008 090123s9999 xx 000 0 und d
082 _b15743
100 _aजोंधळे महावीर
245 _aअक्कलकऱ्याची फुले
250 _a1
260 _bपरिमल प्रकाशन
300 _a72
600 _aजोंधळे महावीर
630 _aअक्कलकऱ्याची फुले
700 _aजोंधळे महावीर
730 _aअक्कलकऱ्याची फुले
942 _cBOOK
999 _c53800
_d53800